000 00441nam a2200145Ia 4500
008 230917s9999||||xx |||||||||||||| ||und||
040 _e48914
_aMAIN
041 _aEnglish
082 _a823.8 D772C
100 _aDoyle, Arthur Conan
245 0 _aSherlock Holmes: his adventures, memories, return his last bow and the case book:the complete short stories
260 _aLondon
_bJohn Murray
_c1976
300 _aviii, 1332 p.
942 _cBK
999 _c180346
_d180346